01363nam a22003257a 4500003000900000005001700009008002900026020001500055040002200070082002400092100003600116245008900152250001100241260006600252300002100318500006300339590002600402650001200428650002600440700002700466852000600493856004000499856004700539910004900586942001200635952012100647952012600768952012600894999001701020DO-SdBNP20231005122741.0171110b 2005 dr ||0| 0 spa d a9993439223 aBPMSUbspacBPMSU 4a170bS583p 20052221 aSilié Gatón, Domingod1923-10aProyecciones morales y cívicas /cDomingo Silié Gatón ; prólogo José Rijo. a2a ed. aSanto Domingo : bEdiciones Librería la Trinitaria ;c2005. a116 p. ;c22 cm. aIncluye datos biográficos del autor en la contracubierta aInventariado, 2023/VM 4aÉtica 4aValores (Filosofía)1 aRijo, José,epról. t1 3Archivo Digital Biblioteca Nacional ubiblio.bnphu.gob.do/Archivos_Digitales/PDF aBTAVAREZ/VMateo V. Control de calidad BPMSU  2ddccBK 00102ddc40708CDaBPMETbBPMETd2017-11-10l0oBPMSU CD 170 S583p 2005pBPMSU17110135r2017-11-10w2017-11-10yBK 00102ddc40708CDaBPMETbBPMETd2017-11-10l0oBPMSU CD 170 S583p 2005pBPMSU23100006r2023-10-05te.2w2017-11-10yBK 00102ddc40708CDaBPMETbBPMETd2017-11-10l0oBPMSU CD 170 S583p 2005pBPMSU23100007r2023-10-05te.3w2017-11-10yBK c12837d12837